| Поле | Название | Значение |
| |
Тип записи |
a |
| |
Библиографический уровень |
a |
| 001 |
Контрольный номер |
RU/CBS_UL/BASE/6deb3ff8f23f4c01a27d75bf99e08a3f |
| 005 |
Дата корректировки |
20260313143608.6 |
| 100 |
Данные общей обработки |
__ |
| a |
Данные общей обработки |
20260313 ||| 0rusy0189 ca |
| 101 |
Язык документа |
0_ |
| a |
Язык текста |
rus |
| 102 |
Страна публикации |
__ |
| a |
Страна публикации |
RU |
| 200 |
Заглавие и сведения об ответственности |
1_ |
| a |
Заглавие |
С лёгким паром! |
| e |
Сведения, относящиеся к заглавию |
[общественные бани в СССР] |
| f |
Первые сведения об ответственности |
Л. Макарова |
| 300 |
Общие примечания |
__ |
| a |
Общие примечания |
16+ |
| 461 |
Уровень набора |
_0 |
| 1 |
|
2000 |
| a |
|
Тайны СССР |
| 463 |
Уровень физической единицы |
_0 |
| 1 |
|
2000 |
| a |
|
№ 3 |
| v |
|
С. 38-39 : фото |
| 1 |
|
2101 |
| d |
|
2026 |
| 1 |
|
001RU/CBS_UL/BASE/5aca11eee4bb4e4e94793d6071dec1b4 |
| 606 |
Тематические рубрики |
0_ |
| a |
Основная рубрика |
Бани - СССР |
| 610 |
Ключевые слова |
0_ |
| a |
Ключевые слова |
бани |
| 610 |
Ключевые слова |
0_ |
| a |
Ключевые слова |
бани в СССР |
| 610 |
Ключевые слова |
0_ |
| a |
Ключевые слова |
общественные бани |
| 610 |
Ключевые слова |
0_ |
| a |
Ключевые слова |
бани общественные |
| 610 |
Ключевые слова |
0_ |
| a |
Ключевые слова |
банные ритуалы |
| 610 |
Ключевые слова |
0_ |
| a |
Ключевые слова |
ритуалы банные |
| 686 |
Индексы других классификаций |
__ |
| 2 |
Код системы |
rubbk |
| a |
Классификационный индекс |
37.279.61 |
| 700 |
Автор |
_1 |
| a |
Фамилия |
Макарова |
| b |
Имя (инициалы) |
Л. |
| 801 |
Источник записи |
_0 |
| a |
Страна |
RU |
| b |
Организация |
МБУК ЦБС г. Ульяновска |
| c |
Дата составления |
20260313 |
| g |
Правила каталогизации |
RCR |
| 801 |
Источник записи |
_1 |
| a |
Страна |
RU |
| b |
Организация |
МБУК ЦБС г. Ульяновска |
| c |
Дата составления |
20260313 |
| g |
Правила каталогизации |
RCR |
| 901 |
Тип документа |
__ |
| t |
Тип документа |
b |
| w |
Контрольный № источника |
RU/CBS_UL/BASE/5aca11eee4bb4e4e94793d6071dec1b4 |
| 909 |
Создатель записи |
__ |
| a |
Создатель записи |
lib2 |